000 01007aam a2200301 i 4500
999 _c45128
_d45128
001 18717
003 CO-MdBIC
005 20190606144724.0
008 190523t1964 -us |||| |||| 00| 0 eng d
020 _a[No incluye ISBN]
040 _aCO-MdFUSB
_bspa
_cCO-MdFUSB
_dCO-MdFUSBC
_erda
041 _aeng
082 0 4 _a27
_2G 270.6
_bT231
100 _aTavard, Georges,
_eautor
240 _aProtestantism
245 1 0 _aUnderstanding Protestantism
_c/ Georges Tavard
264 1 _aGlen Rock, New Jersey :
_bPaulist Press,
_c[1964]
300 _a120 páginas
_c; 18 cm
336 _atexto
_btxt
_2rdacontent
337 _2rdamedia
_asin mediación
_bn
338 _2rdacarrier
_avolumen
_bnc
505 0 _aEl protestantismo -- La reformación -- Los sacramentos -- El despertamiento religioso -- El anglicanismo -- La geografía del protestantismo
563 _aRústico
650 0 _9947
_aProtestantismo
700 _aAttwater, Rachel,
_91968
_etraductor
942 _cBK
945 _aJTF-925